000
00180nam a22000857a 4500
001
1258243
005
20260303094806.0
245
_a
ENSTİTÜ
_c
STEPHEN KING
260
_b
ALTIN YAYINLARI
999
_c
1258243
_d
1258243